| 000 -ლიდერი |
| ფიქსირებული სიგრძის საკონტროლო ველი |
01738nam a2200289Ia 4500 |
| 001 - საკონტროლო ნომერი |
| საკონტროლო ველი |
2421 |
| 003 - საკონტროლო ნომრის იდენტიფიკატორი |
| საკონტროლო ველი |
GE_BSU |
| 005 - ბოლო ოპერაციის თარიღი და დრო |
| საკონტროლო ველი |
20230515152027.0 |
| 008 - ფიქსირებული სიგრძის მონაცემთა ელემენტები - ზოგადი ინფორმაცია |
| ფიქსირებული სიგრძის საკონტროლო ველი |
181216s2009||||ge |||||||||||||| ||geo|| |
| 020 ## - წიგნის საერთაშორისო სტანდარტული ნომერი |
| International Standard Book Number |
9789941131042 |
| 040 ## - კატალოგიზაციის წყარო |
| Transcribing agency |
GE_BSU |
| 041 ## - ენის კოდი |
| Language code of text/sound track or separate title |
geo |
| 080 ## - უნივერსალური ათობითი კლასიფიკაციის ინდექსი |
| Universal Decimal Classification number |
004.43 დ–21 |
| 100 ## - მთავარი ჩანაწერი - პიროვნების სახელი |
| Personal name |
ხუციშვილი, ირინა |
| 9 (RLIN) |
11774 |
| 245 ## - ცნობა სათაურის შესახებ |
| Title |
დაპროგრამების ენა C : |
| Statement of responsibility, etc |
ირინა ხუციშვილი, თინა დავითაშვილი, ნათელა არჩვაძე [და სხვა] ; რედაქტორი ალექსანდრე გამყრელიძე ; გარეკანი თინათინ ჩირინაშვილი ; ივანე ჯავახიშვილის სახ. თბილისის სახელმწ. უნივერსიტეტი. |
| Remainder of title |
[ლექციების კურსი] / |
| 264 ## - წარმოების, გამოცემის, დისტრიბუციის და სხვა ცნობები |
| გამოცემის, წარმოების, დისტრიბუციის... ადგილი |
თბილისი: |
| გამოცემის, წარმოების, დისტრიბუციის... სახელწოდება |
თბილისის უნივერსიტეტის გამ-ბა, |
| გამოცემის, წარმოების, დისტრიბუციის... თარიღი |
2009. |
| 300 ## - ფიზიკური აღწერა |
| Extent |
220 გვ.; |
| Other physical details |
20 სმ |
| 504 ## - BIBLIOGRAPHY, ETC. NOTE |
| Bibliography, etc |
ბიბლიოგრ.: გვ. 219. |
| 653 ## - INDEX TERM--UNCONTROLLED |
| Uncontrolled term |
დაპროგრამების ენა C |
| 653 ## - INDEX TERM--UNCONTROLLED |
| Uncontrolled term |
ლექციების კურსი |
| 700 ## - ADDED ENTRY--PERSONAL NAME |
| Personal name |
დავითაშვილი, თინა |
| Relator term |
ავტორი |
| 9 (RLIN) |
11775 |
| 700 ## - ADDED ENTRY--PERSONAL NAME |
| Personal name |
არჩვაძე,ნათელა |
| Relator term |
ავტორი |
| 9 (RLIN) |
11776 |
| 700 ## - ADDED ENTRY--PERSONAL NAME |
| Personal name |
გამყრელიძე, ა. |
| Relator term |
რედაქტორი |
| 9 (RLIN) |
11777 |
| 700 ## - ADDED ENTRY--PERSONAL NAME |
| Personal name |
ჩირინაშვილი, თინათინ |
| Relator term |
ყდის დიზაინერი |
| 9 (RLIN) |
18081 |
| 942 ## - ADDED ENTRY ELEMENTS (KOHA) |
| Koha item type |
წიგნი |
| Source of classification or shelving scheme |
|